Luis de Requesens y Zúñiga : Cataluña y Lepanto : nuevos documentos / por Antoni Borràs i Feliu Cataluña y Lepanto :
Descripción Física:
49 p. : il. ; 27 cm
Otros Autores:
Museu Marítim (Barcelona)
MARC
| LEADER | 00000nam a2200000Ia 4500 | ||
|---|---|---|---|
| 001 | 1751 | ||
| 008 | 160829s1971 xx 000 0 cat d | ||
| 080 | |a FU-16-23 | ||
| 100 | |a Borràs i Feliu, Antoni |9 31771 | ||
| 245 | |a Luis de Requesens y Zúñiga : |b Cataluña y Lepanto : |b nuevos documentos / por Antoni Borràs i Feliu | ||
| 260 | |a Barcelona : |b Diputación Provincial de Barcelona. Museo Marítimo, |c 1971 | ||
| 300 | |a 49 p. : |b il. ; |c 27 cm | ||
| 590 | |a A la coberta: IV Centenario de la Batalla de Lepanto, 1571-1971 | ||
| 650 | |a Requesens i Zúñiga, Lluís de |x Biografia |9 31772 | ||
| 650 | 0 | |a Lepant, Batalla de, 1571 |9 31773 | |
| 650 | |a Catalunya |x Història |x S. XVI |9 31774 | ||
| 700 | |a Museu Marítim (Barcelona) | ||
| 901 | |a Arxiu | ||
| 942 | |n 1 | ||
| 952 | |0 0 |1 0 |4 0 |6 FU1623 |7 1 |9 45752 |a Arxiu |b Arxiu |d 2016-12-01 |l 0 |o FU-16-23 |p 1751 |r 2016-12-01 00:00:00 |w 2016-12-01 |y ARXIU | ||
| 999 | |c 49252 |d 49252 | ||